书目信息 |
| 题名: |
世界著名展示空间道具设计大图典
|
|
| 作者: | 柳冠中 主编 | |
| 分册: | ||
| 出版信息: | 长春 吉林科学技术出版社 1996.08 |
|
| 页数: | 714页 | |
| 开本: | 16开 | |
| 丛书名: | ||
| 单 册: | ||
| 中图分类: | TU238-64 | |
| 科图分类: | ||
| 主题词: | 建筑设计 | |
| 电子资源: | ||
| ISBN: | 7-5384-1595-5 | |
| 000 | 00606nam0 2200193 45 | |
| 001 | 0102221060 | |
| 005 | 20010222110329.9 | |
| 010 | @a7-5384-1595-5@d245.00元 | |
| 100 | @a20010222d1996 km y0chiy0120 ea | |
| 101 | 0 | @achi |
| 105 | @a z 000yy | |
| 200 | 1 | @a世界著名展示空间道具设计大图典@AShi Jie Zhu Ming Zhan Shi Kong Jian Dao Ju She Ji DaTu Dian@f柳冠中主编@FLiu Guan Zhong Zhu Bian |
| 210 | @a长春@c吉林科学技术出版社@d1996.08 | |
| 215 | @a714页@d16开 | |
| 606 | 0 | @a建筑设计 |
| 690 | @aTU238-64@v3 | |
| 701 | 0 | @a柳冠中@4主编 |
| 801 | @aCN@bPftUser@c20010222 | |
| 905 | @b323622@dTU238-64@eL965@f1 | |
| 世界著名展示空间道具设计大图典/柳冠中主编.-长春:吉林科学技术出版社,1996.08 |
| 714页;16开 |
| ISBN 7-5384-1595-5:245.00元 |
| ● |
| 相关链接 |
|
|
|
正题名:世界著名展示空间道具设计大图典
索取号:TU238-64/L965
 
预约/预借
| 序号 | 登录号 | 条形码 | 馆藏地/架位号 | 状态 | 备注 |
| 1 | 323622 | 203236220 | 建筑库101/101建筑库 54排3列2层/ [索取号:TU238-64/L965] | 在馆 |